000 00913nam a22002417a 4500
005 20250508154049.0
008 110317t xxu||||| |||| 00| 0 eng d
010 _aENG-144912 B-756554-557 ENG-139834
020 _a9789352221455
_c695.00
035 _aB-756554-557
035 _aEN-123366
035 _aEN-128444
037 _bAstral
082 _a912.5452
100 1 _926630
_aSharma, Arun
245 1 0 _aAtlas:
_bfor North- East India/
260 _aNew Delhi
_bAstral International Pvt Ltd
_c2022
270 _a4736/23, Ansari Road, Darya Ganj,
_bNew Delhi
_e110002
300 _a176p.
_c28cm (pbk)
500 _aIncludes index
942 _2ddc
_cEN
_mATL
_h912.5452
999 _c199495
_d199495